Master - Statistiques

Statistiques générales
  • Ce quiz a été pris 2 fois
  • Le résultat moyen est 7 sur 15
Statistiques - réponses
Hint Réponse % Correct
Menteuse Irène
100%
Donjon Agathe
50%
folle Aloise
50%
BK benjamin
50%
Gitan Eloise
50%
patriote Flore
50%
trelawney Gaelle
50%
dictature Lea
50%
Tinder hallal Lydia
50%
Joue rouge Mathilde
50%
LSD Matthieu
50%
colonies Tanguy
50%
féministe Timothée
50%
vomis anne sophie
0%
coiffeur Matthieu ou Yaelle
0%
Aucun quiz correspondant
Distribution des résultats
% des personnes avec chaque résultat
Percentile par nombre de réponses
Votre historique - résultats
Vous n’avez pas pris ce quiz